书目信息 |
| 题名: |
建炎以来朝野杂记
|
|
| 作者: | 李心传 撰 | |
| 分册: | 六 | |
| 出版信息: |
|
|
| 页数: | 全一册 | |
| 开本: | 16.4*12.5cm | |
| 丛书名: | ||
| 单 册: | ||
| 中图分类: | K244.06 | |
| 科图分类: | ||
| 主题词: | 中国--历史 | |
| 电子资源: | ||
| ISBN: | ||
| 000 | 00593nam0 2200193 450 | |
| 001 | 0636044250 | |
| 005 | 20061025100534.57 | |
| 010 | @b线装@dCNY140.00(全套) | |
| 100 | @a20061025d km y0chiy0120 ea | |
| 101 | 0 | @achi |
| 200 | 1 | @a建炎以来朝野杂记@h六@Ajian yan yi lai chao ye za ji@f(宋)李心传撰@F(song)li xin chuan zhuan |
| 215 | @a全一册@d16.4*12.5cm | |
| 300 | @a第一至第十二册为一函,共一函四十卷 | |
| 305 | @a本书为江苏广陵刻字社刷印本 | |
| 606 | 0 | @a中国@x历史 |
| 690 | @aK244.06@v3 | |
| 701 | 0 | @a李心传@Ali xin chuan@4撰 |
| 801 | 0 | @aCN@bPFT@c20061025 |
| 905 | @a10447@dK244.06@e14:6 | |
| 建炎以来朝野杂记.六/(宋)李心传撰 |
| 全一册;16.4*12.5cm |
| 第一至第十二册为一函,共一函四十卷 |
| ISBN (线装):CNY140.00(全套) |
| ● |
| 相关链接 |
|
|
|
|
正题名:建炎以来朝野杂记
索取号:K244.06/14:6
 
预约/预借
| 序号 | 登录号 | 条形码 | 馆藏地/架位号 | 状态 | 备注 |
| 1 | 0222632 | 202425278 | 古籍典藏专区/ [索取号:K244.06/14:6] | 在馆 |